00477nmm a2200145Ia 4500008004100000020001800041041000800059100003900067245005600106264005100162300001800213490003200231650001700263856005100280251105s9999||||xx |||||||||||||||||und|| a9788499406152 aspa aÁlvarez Maurín, María José 0aNovela y cine negro en la Europa actual (1990-2010) a[Madrid, España] :bBiblioteca Nueva, c2013 a292 páginas aBiblioteca otras eutopías aFilm studies uhttps://public.digitaliapublishing.com/a/27718